000
00402nam a22001697a 4500
003
MPLRDC
005
20220104124601.0
008
210129b ||||| |||| 00| 0 eng d
082
_a
859.6 QL
100
_a
亚瑟. C.奇勒著; 李昕译
245
_a
海豚岛历险记
_c
260
_a
_b
大光出版社
_c
1979
300
_b
平
490
_a
儿童文学
650
_a
942
_c
BK
_o
859.6 QL
999
_c
20498
_d
20488